000 00193 a2200085 4500
041 _aspa
100 _aAnonimo
245 _aReseਠhistorica de nicaragua y emblemas de centroamerica
942 _cBK
999 _c9902
_d9902